00503nam a22001217a 4500008004100000082001500041100002100056110004600077245008100123260006200204300003000266650008500296190209b xxu||||| |||| 00| 0 eng d a708bOT89c aOttinger, Ulrike aNTU Centre for Contemporary Art Singapore aChina. The Arts - The People. Photographs and Films from the 1980s and 1990s aSingapurbNTU Centre for Contemporary Art Singaporec2017 a28 p.bill (col).c21 cm. 2Arte contemporáneovArte - exhibicionesxArte - fotografíazArte - Alemán